Modelo de acompañamiento -apoyo, monitoreo y evaluación- del Proyecto Regional de Educación para América Latina y el caribe. PRELAC: declaración de La Habana

שמור ב:
מידע ביבליוגרפי
מחבר תאגידי: UNESCO (Author)
פורמט: ספר
שפה:ספרדית
יצא לאור: La Habana UNESCO 2002
נושאים:
תגים: הוספת תג
אין תגיות, היה/י הראשונ/ה לתייג את הרשומה!

MARC

LEADER 00000nam a2200000 a 4500
001 UCK1801
003 CL-VaPUC
008 041126e20020000CU |||||||||||||||||spa|d
082 0 4 |a 306.43  |b UNE  |2 21 
110 2 |a UNESCO  |e author  |9 489694 
245 1 0 |a Modelo de acompañamiento -apoyo, monitoreo y evaluación- del Proyecto Regional de Educación para América Latina y el caribe. PRELAC: declaración de La Habana 
300 |a 45 p 
942 |c BK 
945 |d 20041126 00:00:00  |a cmena 
260 |a La Habana  |b UNESCO  |c 2002 
650 0 |a Antropología de la educación   |9 265262 
650 0 |a Sociología de la educación   |9 260380 
650 0 |a Igualdad de oportunidades  |9 331873 
650 0 |a Cambio social   |9 256857 
650 0 |a Evaluación de la educación   |9 237505 
583 |a last modification  |c 20041126 00:00:00  |k Rodrigo Vera 
999 |c 311613  |d 311611 
952 |0 0  |1 0  |4 0  |6 306_430000000000000_UNE_2002  |7 0  |8 A  |9 381100  |a FDOPOS  |b FDOPOS  |d 2019-11-21  |i 408246K  |o 306.43 UNE 2002  |p 408246K  |r 2023-08-09  |w 2019-11-21  |y BK  |k MLA 
952 |0 0  |1 0  |4 0  |6 306_430000000000000_UNE_2002  |7 0  |8 A  |9 381101  |a FDOPOS  |b FDOPOS  |d 2019-11-21  |i 4082478  |o 306.43 UNE 2002  |p 4082478  |r 2025-01-22  |w 2019-11-21  |y BK  |k MLA